000 00524nam a2200145 a 4500
001 000028137
005 20200930031400.0
008 110406s1982 dr 000 0 spa d
040 _aDO-SdBNP
_bspa
_cBNPHU
100 1 _aAscuasiati de Alfau, Carmen
_925870
245 1 0 _aEfemérides en la historia de la parasitología. /
_cCarmen Ascuasiati de Alfau.
260 _aSanto Domingo :
_bUniversidad Autonoma de Santo Domingo, Departamento de Microbiología y Parasitología,
_c1982.
300 _a24 p. ;
_c22 cm.
049 _aBNPD
999 _c27629
_d27629